Las mujeres y "el otro" : tres narradoras brasileñas /

Đã lưu trong:
Chi tiết về thư mục
Tác giả chính: Battella Gotlid, Nádia
Định dạng: Không biết
Ngôn ngữ:Spanish
Những chủ đề:
Các nhãn: Thêm thẻ
Không có thẻ, Là người đầu tiên thẻ bản ghi này!

MARC

LEADER 000000000a22000000004500
001 008732
041 0 |a spa 
100 1 |a Battella Gotlid, Nádia 
245 1 4 |a Las mujeres y "el otro" :   |b tres narradoras brasileñas /   |c Nádia Battella Gotlid. 
310 |a Semestral 
650 4 |a LITERATURA HISPANOAMERICANA 
650 4 |a HISTORIA Y CRITICA 
650 4 |a PUBLICACIONES PERIODICAS 
650 4 |a LITERATURA 
650 4 |a MUJERES EN LA LITERATURA 
650 4 |a MUJERES COMO AUTORAS 
773 0 |x 1011-7989  |d Venezuela : Universidad Central de Venezuela  |t Escritura, teoría y crítica literarias  |g volumen 16, número 31-32 (1991), páginas 123-136 
942 |c ARC 
999 |c 14839  |d 14839